Glossary of Contemporary Engineering / (Record no. 20209)

MARC details
000 -CABECERA
campo de control de longitud fija 01030nam a2200289 i 4500
003 - IDENTIFICADOR DEL NÚMERO DE CONTROL
campo de control OSt
005 - FECHA Y HORA DE LA ÚLTIMA TRANSACCIÓN
campo de control 20260601171004.0
008 - DATOS DE LONGITUD FIJA--INFORMACIÓN GENERAL
campo de control de longitud fija 260507b\\\\\\\\enk|||||\||||\00|\0\enk\d
020 ## - NÚMERO INTERNACIONAL ESTÁNDAR DEL LIBRO
Número Internacional Estándar del Libro 333127900
040 ## - FUENTE DE LA CATALOGACIÓN
Centro catalogador/agencia de origen ICI
Lengua de catalogación spa
Centro/agencia transcriptor ICI
041 ## - CÓDIGO DE LENGUA
Código de lengua del texto/banda sonora o título independiente enk
050 ## - SIGNATURA TOPOGRÁFICA DE LA BIBLIOTECA DEL CONGRESO
Número de clasificación TA9
Número de documento/Ítem G56 1972
100 #1 - ENTRADA PRINCIPAL--NOMBRE DE PERSONA
Nombre de persona JBeadle, J. D.,
9 (RLIN) 31942
245 #1 - MENCIÓN DE TÍTULO
Título Glossary of Contemporary Engineering /
Mención de responsabilidad, etc. edited by J. D. Beadle.
250 ## - MENCIÓN DE EDICIÓN
Mención de edición 1st edition.
Resto de la mención de edición Macmillan,
264 ## - PRODUCCIÓN, PUBLICACIÓN, DISTRIBUCIÓN, FABRICACIÓN Y COPYRIGHT
Nombre del de productor, editor, distribuidor, fabricante Macmillan Press LTD
Fecha de producción, publicación, distribución, fabricación o copyright 1972
300 ## - DESCRIPCIÓN FÍSICA
Extensión 136 páginas :
336 ## - TIPO DE CONTENIDO
Término de tipo de contenido texto
Fuente rdacontent
337 ## - TIPO DE MEDIO
Nombre/término del tipo de medio sin medio
Fuente rdamedia
338 ## - TIPO DE SOPORTE
Nombre/término del tipo de soporte volumen
Fuente rdacarrier
490 ## - MENCIÓN DE SERIE
Mención de serie Macmillan engineering evaluations
500 ## - NOTA GENERAL
Nota general Glosario especializado de terminología de ingeniería contemporánea.
520 ## - SUMARIO, ETC.
Sumario, etc. Diccionario técnico que reúne terminología fundamental utilizada en diversas ramas de la ingeniería contemporánea y las ciencias aplicadas
650 ## - PUNTO DE ACCESO ADICIONAL DE MATERIA--TÉRMINO DE MATERIA
Término de materia o nombre geográfico como elemento de entrada Engineering
Subdivisión de forma Dictionaries.
9 (RLIN) 31943
650 ## - PUNTO DE ACCESO ADICIONAL DE MATERIA--TÉRMINO DE MATERIA
Término de materia o nombre geográfico como elemento de entrada Ingeniería
Subdivisión de forma Diccionarios ingleses.
9 (RLIN) 31944
942 ## - ELEMENTOS DE PUNTO DE ACCESO ADICIONAL (KOHA)
Fuente del sistema de clasificación o colocación Library of Congress Classification
Tipo de ítem Koha Libros
Suprimir en OPAC 1

No items available.